Estadísticas para Anagramas - ciudades españolas

Haz click aquí para intentar la prueba.

Estadísticas generales

  • Esta prueba ha sido intentada 1.692 veces
  • La puntuación promedio es 9 de 15

Estadísticas de respuestas

Ciudad% Correcto
Zaragoza
98%
Gijón
95%
Elche
94%
León
92%
Lugo
92%
Jaén
91%
Madrid
91%
Vic
91%
Vigo
91%
Burgos
90%
Malaga
90%
Cadiz
86%
Córdoba
86%
Granada
86%
Toledo
84%
Pamplona
82%
Huelva
81%
Murcia
80%
Palma
80%
Oviedo
78%
Badajoz
76%
Guadalajara
76%
Valladolid
76%
Bilbao
73%
Salamanca
69%
Barcelona
68%
Valencia
68%
Salt
66%
Sevilla
64%
Tarragona
61%
Cartagena
59%
Albacete
53%
Xàtiva
52%
Ferrol
45%
Girona
45%
Alicante
44%
Almeria
44%
Marbella
38%
Benidorm
36%
Avilés
35%
Orihuela
34%
Santander
34%
Narón
29%
Algeciras
26%
Martos
24%
Alzira
21%
Torrelavega
21%
Torrelavega
21%
Arteixo
12%
Blanes
12%
Oleiros
10%
Manlleu
0%

Distribución de puntuación

Porcentaje por número respondido

Porcentaje de gente con cada puntuación

Historial de tus puntuaciones

No has intentado esta prueba.